Eastern Indian states - Statistics

General Stats
  • This quiz has been taken 24 times
  • The average score is 6 of 8
Answer Stats
Hint Answer % Correct
2nd largest state of east India Assam
87%
This state is just under the state of Assam Meghalaya
80%
The mountain range of Kanchenjunga Sikkim
80%
Borders Bay of Bengal West Bengal
73%
Largest eastern state of India Arunachal Pradesh
67%
This state's name means 'land of gems' Manipur
67%
Most southern state of eastern India Mizoram
67%
Capital is Kohima Nagaland
67%
No matching quizzes found
Score Distribution
Percent of People with Each Score
Percentile by Number Answered
Your Score History
You have not taken this quiz